| 000 | 01198nac a22003377a 4500 | ||
|---|---|---|---|
| 001 | BR8200504 | ||
| 003 | BR-BrBNA | ||
| 005 | 20240105115222.0 | ||
| 008 | 230509b bl.|||m| |||| 00| 0 por d | ||
| 040 |
_aBR-BrBNA _bpor _cBiblioteca Nacional de Agricultura |
||
| 072 | _aF00; H10; E70 | ||
| 090 | _a0336 BR8200504 | ||
| 110 | 1 |
_aCooperativa Agropecuaria Mista do Oeste Ltda., Toledo, PR (Brasil) _92798 |
|
| 245 | 1 | _aSoja: do plantio a comercializacao. Safra 1981/82 [Glycine max; Inseto; Inseticida; Pratica cultural; Preco medio] | |
| 246 | 1 | _a[Soybean: from planting to marketing. 1981/82 cropping [Glycine max; Insect; Insecticide; Cultural practice; Medium price]] | |
| 260 | 3 |
_aToledo, PR (Brasil): _c1981. |
|
| 300 | _a35 p. | ||
| 490 |
_aBoletim Tecnico - Cooperativa Agropecuaria Mista do Oeste Ltda. (Brazil) _vno. 6 _x |
||
| 650 | _aProducao vegetal | ||
| 650 | _aPraga de planta | ||
| 650 | _aComercializacao | ||
| 650 | _aSoja | ||
| 650 | _aInseto | ||
| 650 | _aInseticida | ||
| 650 | _aPratica cultural | ||
| 650 | _aSafra | ||
| 650 | _aPreco medio | ||
| 650 | _aControle quimico | ||
| 909 |
_a202312 _bLúcia Elande _c55 _dLúcia Elande |
||
| 942 |
_2AGRIS _n0 _cMS |
||
| 999 |
_c273718 _d273718 |
||